Normal view
MARC view
Entry Topical Term
001 - CONTROL NUMBER
- control field: 41525
003 - CONTROL NUMBER IDENTIFIER
- control field: ARRUPE
005 - DATE AND TIME OF LATEST TRANSACTION
- control field: 20180413102224.0
008 - FIXED-LENGTH DATA ELEMENTS
- fixed length control field: 180413|| aca||aabn | a|a d
040 ## - CATALOGING SOURCE
- Original cataloging agency: ARRUPE
- Transcribing agency: ARRUPE
150 ## - HEADING--TOPICAL TERM
- Topical term or geographic name as entry element: Funeral rites and ceremonies
- Geographic subdivision: Congo (Democratic Republic)
- Form subdivision: Congresses.
670 ## - SOURCE DATA FOUND
- Source citation: Work cat.: (ARRUPE)0: Semaine d'Ă©tudes ethno-pastorales, 3d, Bandundu, Zaire, 1967. 41524, Mort, funerailles, deuil, et culte des ancĂȘtres chez les populations du Kwango/Bas-Kwilu :, c1967.